Famous Leaders - Statistics

General Stats
  • This quiz has been taken 68 times
  • The average score is 4 of 5
Answer Stats
Picture Answer % Correct
Abraham Lincoln
96%
Joseph Stalin
95%
Queen Elizabeth
95%
Franklin Roosevelt
35%
Mau Zedong
33%
No matching quizzes found
Score Distribution
Percent of People with Each Score
Percentile by Number Answered
Your Score History
You have not taken this quiz